BIBLIOTECA

SENCICO

Diseño y construcción en quincha (Registro nro. 3316)

Detalles MARC
000 -LEADER
fixed length control field 00579nam a2200169Ia 4500
005 - DATE AND TIME OF LATEST TRANSACTION
control field 20251020182610.0
008 - FIXED-LENGTH DATA ELEMENTS--GENERAL INFORMATION
fixed length control field 200515s9999 xx 000 0 und d
082 ## - DEWEY DECIMAL CLASSIFICATION NUMBER
Classification number SC/624.110/P77
110 ## - MAIN ENTRY--CORPORATE NAME
Corporate name or jurisdiction name as entry element Pontificia Universidad Católica del Perú
245 #0 - TITLE STATEMENT
Title Diseño y construcción en quincha
260 ## - PUBLICATION, DISTRIBUTION, ETC.
Place of publication, distribution, etc. Lima
260 ## - PUBLICATION, DISTRIBUTION, ETC.
Date of publication, distribution, etc. 199?
300 ## - PHYSICAL DESCRIPTION
Extent 40
520 ## - SUMMARY, ETC.
Summary, etc. Recoge la experiencia de realizar construcciones de quincha en el distrito de Villa El Salvador, Labor llevada a cabo como actividad principal del Proyecto Construcciones en Quincha
650 ## - SUBJECT ADDED ENTRY--TOPICAL TERM
Topical term or geographic name entry element QUINCHA
942 ## - ADDED ENTRY ELEMENTS (KOHA)
Koha item type Libros
Existencias
Fecha de la última vez que lo usaron Pago total Signatura topográfica completa Código de barras Precio efectivo desde Tipo de documento Estado perdido Estado dañado No es para préstamo Retirado Ubicación permanente Ubicación actual Fecha de adquisición
15/05/2020   SC/624.110/P77 Bib-Lima15053316 15/05/2020 Libros         Biblioteca Central Lima Biblioteca Central Lima 15/05/2020